| 000 | 00856nas a2200289 4500 | ||
|---|---|---|---|
| 001 | BR9901798 | ||
| 003 | BR-BrBNA | ||
| 005 | 20231205101346.0 | ||
| 007 | ta | ||
| 008 | 230509b bl.|||p| |||| 00| 00por d | ||
| 040 |
_aBR-BrBNA _bpor _cBiblioteca Nacional de Agricultura |
||
| 041 | _a(Pt) | ||
| 072 | _aL53 | ||
| 100 | 1 | _aCarvalho, S. | |
| 100 | 1 | _aPires, C.C. | |
| 100 | 1 | _aPeres, J.R.R. | |
| 100 | 1 | _aZeppenfeld, C. | |
| 100 | 1 | _aWeiss, A. | |
| 245 | 1 | _aDesempenho de cordeiros machos inteiros, machos castrados e femeas, alimentados em confinamento | |
| 650 | _aOvino | ||
| 650 | _aEficiencia Reprodutiva | ||
| 650 | _aConfinamento | ||
| 650 | _aGanho de Peso | ||
| 773 | 0 |
_tCiencia Rural (Brazil) _xISSN 0103-8478 _g(Jan-Mar 1999), v. 29(1) p. 129-133 _wBR9901798 |
|
| 909 |
_a202311 _bLúcia _c55 _dLúcia Elande |
||
| 942 |
_2AGRIS _n0 _cANA |
||
| 999 |
_c161345 _d161345 |
||